América Latina para Estados Unidos: ¿especial, desdeñable, codiciada o perdida? /

Збережено в:
Бібліографічні деталі
Автор: Russell, Roberto
Формат: Текст
Предмети:
Теги: Додати тег
Немає тегів, Будьте першим, хто поставить тег для цього запису!

MARC

LEADER 00000 a a2200000 04500
001 10836
003
040
100 |a Russell, Roberto  
245 |a América Latina para Estados Unidos:   |b ¿especial, desdeñable, codiciada o perdida? /  |c Roberto Russell 
650 |a RELACIONES INTERNACIONALES  
650 |a SEGURIDAD  
650 |a COMERCIO  
650 |a AMERICA LATINA  
650 |a ESTADOS UNIDOS  
773 |g número 206; páginas 48-62  
999 |c 35987  |d 35987